| 000 | 01596nam0a2200337 i 4500 | ||
|---|---|---|---|
| 001 | RU\NLR\BIBL_A\010011903 | ||
| 005 | 20240921204844.0 | ||
| 010 |
_a9785929308956 _9100 |
||
| 021 |
_aRU _b2013-87431 _96047 |
||
| 035 | _a(NILC)RuMoRGB-006690400 | ||
| 035 | _a(NLR Aleph) 010011903 | ||
| 090 |
_a9858513 _c9858513 |
||
| 100 | _a20131209d2012 u y0rusy50 ca | ||
| 101 | 0 | _arus | |
| 102 | _aRU | ||
| 105 | _aa|||||||||||| | ||
| 200 | 1 |
_aКорпоративное планирование _eучебное пособие _fТ. А. Коваль _gМ-во образования и науки Рос. Федерации, Федер. гос. бюджет. образоват. учреждение высш. проф. образования "Забайкальский гос. ун-т" (ФГБОУ ВПО "ЗабГУ") |
|
| 210 |
_aЧита _cРНиУМЛ ЗабГУ _d2012 |
||
| 215 |
_a133 с. _cил. _d20 |
||
| 320 | _aБиблиогр.: с. 130-132 (48 назв.) и в конце гл. | ||
| 606 | 1 |
_aКорпорации _jУчебные издания для высших учебных заведений _xПланирование _92258996 _3RU\NLR\AUTH\661354609 |
|
| 675 | _a005.511(075.8) | ||
| 686 | 1 | _aУ23(0)2я73 | |
| 700 | 1 |
_aКоваль _bТ. А. _cканд. полит. наук, менеджмент _gТатьяна Александровна _9169444 _3RU\NLR\AUTH\770169494 |
|
| 801 | 0 |
_aRU _bRuMoRKP _c20131028 _gRCR |
|
| 801 | 2 |
_aRU _bРГБ _c20131115 _grcr |
|
| 801 | 1 |
_aRU _bRuMoRKP _c20131028 _2rusmarc |
|
| 942 | _cBOOK | ||
| 980 | _aNBR | ||